00424nam a2200157Ia 45000010006000000050017000060080041000230410008000640820016000721000025000882450093001132600009002063000035002156500008002506540008002581365420260306164817.0260306t2017||||xx |||||||||||||| ||spa|| aESP a005.1bS741 aSharma, SanjeeveAUT 4aThe dev0ps adoption playbook:ba guide to adopting dev0ps in a multi-speed IT enterprise c2017 axxxii, 382 páginas :c23 cm. aGEN aCCC